Real Exchange Rate Behavior and Economic Growth : Evidence from Egypt, Jordan, Morocco, and Tunisia /

This paper examines the effect of the real exchange rate misalignment (RERMIS) on the collective economic growth of Egypt, Jordan, Morocco, and Tunisia. The paper constructs three measures of exchange rate misalignment based on purchasing power parity; a black market exchange rate; and a structured...

Повний опис

Бібліографічні деталі
Автор: Shabsigh, Ghiath
Інші автори: Domac, Ilker
Формат: Журнал
Мова:English
Опубліковано: Washington, D.C. : International Monetary Fund, 1999.
Серія:IMF Working Papers; Working Paper ; No. 1999/040
Онлайн доступ:Full text available on IMF
LEADER 01779cas a2200253 a 4500
001 AALejournalIMF000830
008 230101c9999 xx r poo 0 0eng d
020 |c 5.00 USD 
020 |z 9781451845952 
022 |a 1018-5941 
040 |a BD-DhAAL  |c BD-DhAAL 
100 1 |a Shabsigh, Ghiath. 
245 1 0 |a Real Exchange Rate Behavior and Economic Growth :   |b Evidence from Egypt, Jordan, Morocco, and Tunisia /  |c Ghiath Shabsigh, Ilker Domac. 
264 1 |a Washington, D.C. :  |b International Monetary Fund,  |c 1999. 
300 |a 1 online resource (24 pages) 
490 1 |a IMF Working Papers 
500 |a <strong>Off-Campus Access:</strong> No User ID or Password Required 
500 |a <strong>On-Campus Access:</strong> No User ID or Password Required 
506 |a Electronic access restricted to authorized BRAC University faculty, staff and students 
520 3 |a This paper examines the effect of the real exchange rate misalignment (RERMIS) on the collective economic growth of Egypt, Jordan, Morocco, and Tunisia. The paper constructs three measures of exchange rate misalignment based on purchasing power parity; a black market exchange rate; and a structured model. The empirical investigation confirmed the adverse effect of RERMIS on growth, using all measures of RERMIS, as predicted by endogenous growth models. The results also highlighted the role of other factors; specifically, capital growth and population have the theoretical signs predicted by the Solow growth model and are statistically significant. 
538 |a Mode of access: Internet 
700 1 |a Domac, Ilker. 
830 0 |a IMF Working Papers; Working Paper ;  |v No. 1999/040 
856 4 0 |z Full text available on IMF  |u http://elibrary.imf.org/view/journals/001/1999/040/001.1999.issue-040-en.xml  |z IMF e-Library